00541nam a22001577a 4500003000400000082001700004100001900021245013000040260003500170300000800205650001800213653000800231942001200239952011500251999001700366SGT a617.84bA22K aKALRA, SHEETAL aA study of Physical Fitness psychological Health of post Menopausal Women and Associated Factors In Urban And Rural gurugram  aGURUGRAMbSGT UNIVERSITYc2022 a142 aPHYSIOTHERAPY aPHD 2ddccTH 00102ddc40718MEDICALaFMbFMcREFd2024-06-18l0o617.84 A22KpDT1625r2024-06-18 00:00:00w2024-06-18yTH c26465d26465